000 00663nam a2200229Ia 4500
005 20250508165826.0
008 008 250505s9999 xx 000 0 eng d
020 _a978-161520879-1
037 _aReference
040 _aFEDL
_beng
_cFEDL
041 _aeng
_2eng
084 _a001.42, JOH/RR
_qFEDL
100 _aJohnson R Burke
245 0 _aEducational research: Quantitative, qualitative and mixed approaches
250 _a6
260 _aThousand Oaks, Calfornia
_bSage
_c2017
300 _axxix, 709p.
365 _aUSD
_b144
700 _a Christensen Larry
_9782087
942 _cREF
_h001.42, JOH/RR
999 _c1397682
_d1397682